<?xml version="1.0" encoding="UTF-8"?>
<record
    xmlns:xsi="http://www.w3.org/2001/XMLSchema-instance"
    xsi:schemaLocation="http://www.loc.gov/MARC21/slim http://www.loc.gov/standards/marcxml/schema/MARC21slim.xsd"
    xmlns="http://www.loc.gov/MARC21/slim">

  <leader>01034nam a22002537a 4500</leader>
  <controlfield tag="005">20240618121147.0</controlfield>
  <controlfield tag="008">150617b        ag||||| |||| 00| 0 spa d</controlfield>
  <datafield tag="020" ind1=" " ind2=" ">
    <subfield code="a">9501273288</subfield>
  </datafield>
  <datafield tag="050" ind1="0" ind2="4">
    <subfield code="a">HM621 </subfield>
    <subfield code="b">P39 2002</subfield>
  </datafield>
  <datafield tag="050" ind1="0" ind2="4">
    <subfield code="a">HM621 </subfield>
    <subfield code="b">D53 2002</subfield>
  </datafield>
  <datafield tag="240" ind1=" " ind2="1">
    <subfield code="a">A dictionary of Cultural and critical theory </subfield>
    <subfield code="l">espa&#xF1;ol </subfield>
  </datafield>
  <datafield tag="245" ind1=" " ind2="0">
    <subfield code="a">Diccionario de teor&#xED;a cr&#xED;tica y estudios culturales </subfield>
    <subfield code="c"> / bajo la direcci&#xF3;n Michael Payne ; director asociado Meennakshi Ponnuswami ; directora asistente Jennifer Payne ; traducci&#xF3;n Patricia Willson. </subfield>
  </datafield>
  <datafield tag="250" ind1=" " ind2=" ">
    <subfield code="a">1a ed. </subfield>
  </datafield>
  <datafield tag="260" ind1=" " ind2=" ">
    <subfield code="a">Buenos Aires, Argentina :</subfield>
    <subfield code="b">Paid&#xF3;s,</subfield>
    <subfield code="c">2002</subfield>
  </datafield>
  <datafield tag="300" ind1=" " ind2=" ">
    <subfield code="a">xxvii, 755 p. ; </subfield>
    <subfield code="c">24 cm. </subfield>
  </datafield>
  <datafield tag="500" ind1=" " ind2=" ">
    <subfield code="a">Incluye &#xED;ndices 
</subfield>
  </datafield>
  <datafield tag="504" ind1=" " ind2=" ">
    <subfield code="a">Bibliograf&#xED;a :  p. 661-743 </subfield>
  </datafield>
  <datafield tag="650" ind1=" " ind2="7">
    <subfield code="2">lemb</subfield>
    <subfield code="a">Filosof&#xED;a </subfield>
    <subfield code="x">Cultura </subfield>
    <subfield code="x">Teor&#xED;a cr&#xED;tica </subfield>
    <subfield code="v">Diccionarios</subfield>
  </datafield>
  <datafield tag="700" ind1="1" ind2=" ">
    <subfield code="a">Payne, Michael  </subfield>
    <subfield code="e">director </subfield>
  </datafield>
  <datafield tag="700" ind1="1" ind2=" ">
    <subfield code="a">Ponnuswami, Meenakshi, </subfield>
    <subfield code="e">director asociado </subfield>
  </datafield>
  <datafield tag="700" ind1="1" ind2=" ">
    <subfield code="a">Payne, Jennifer,</subfield>
    <subfield code="e">director asistente </subfield>
  </datafield>
  <datafield tag="700" ind1="1" ind2=" ">
    <subfield code="a">Willson, Patricia,</subfield>
    <subfield code="e">traductor </subfield>
  </datafield>
  <datafield tag="942" ind1=" " ind2=" ">
    <subfield code="2">lcc</subfield>
    <subfield code="c">LIB</subfield>
  </datafield>
  <datafield tag="999" ind1=" " ind2=" ">
    <subfield code="c">95838</subfield>
    <subfield code="d">95838</subfield>
  </datafield>
  <datafield tag="952" ind1=" " ind2=" ">
    <subfield code="1">0</subfield>
    <subfield code="2">lcc</subfield>
    <subfield code="4">0</subfield>
    <subfield code="7">0</subfield>
    <subfield code="a">LIC-020</subfield>
    <subfield code="b">LIC-020</subfield>
    <subfield code="c">CONSULTA</subfield>
    <subfield code="d">2015-06-17</subfield>
    <subfield code="k">EH</subfield>
    <subfield code="o">HM621 P39 r2008</subfield>
    <subfield code="p">BFF000011365</subfield>
    <subfield code="r">2015-06-17 00:00:00</subfield>
    <subfield code="t">C: 1</subfield>
    <subfield code="y">LIB</subfield>
  </datafield>
  <datafield tag="952" ind1=" " ind2=" ">
    <subfield code="1">0</subfield>
    <subfield code="2">lcc</subfield>
    <subfield code="4">0</subfield>
    <subfield code="7">0</subfield>
    <subfield code="a">LIC-020</subfield>
    <subfield code="b">LIC-020</subfield>
    <subfield code="c">CONSULTA</subfield>
    <subfield code="d">2016-11-24</subfield>
    <subfield code="f">1a. ed.</subfield>
    <subfield code="i">H</subfield>
    <subfield code="k">EH</subfield>
    <subfield code="o">HM621 P39 r2006</subfield>
    <subfield code="p">BFF000020917</subfield>
    <subfield code="r">2016-11-24 00:00:00</subfield>
    <subfield code="t">C:1</subfield>
    <subfield code="y">LIB</subfield>
  </datafield>
  <datafield tag="952" ind1=" " ind2=" ">
    <subfield code="1">0</subfield>
    <subfield code="2">lcc</subfield>
    <subfield code="4">0</subfield>
    <subfield code="7">0</subfield>
    <subfield code="a">INV-033</subfield>
    <subfield code="b">INV-033</subfield>
    <subfield code="c">CONSULTA</subfield>
    <subfield code="d">2021-04-20</subfield>
    <subfield code="f">1a ed.</subfield>
    <subfield code="i">H</subfield>
    <subfield code="k">CSA</subfield>
    <subfield code="o">HM621 D53 2002</subfield>
    <subfield code="p">IIH000030982</subfield>
    <subfield code="r">2021-04-20 00:00:00</subfield>
    <subfield code="t">C:1</subfield>
    <subfield code="v">473.00</subfield>
    <subfield code="y">LIB</subfield>
  </datafield>
  <datafield tag="952" ind1=" " ind2=" ">
    <subfield code="1">0</subfield>
    <subfield code="2">lcc</subfield>
    <subfield code="4">0</subfield>
    <subfield code="7">0</subfield>
    <subfield code="a">BACH-005</subfield>
    <subfield code="b">BACH-005</subfield>
    <subfield code="c">CONSULTA</subfield>
    <subfield code="d">2024-06-18</subfield>
    <subfield code="f">1a ed. </subfield>
    <subfield code="k">EH</subfield>
    <subfield code="l">0</subfield>
    <subfield code="o">HM621 D53 2002</subfield>
    <subfield code="p">PJM000004490</subfield>
    <subfield code="r">2024-06-18 13:13:35</subfield>
    <subfield code="t">1</subfield>
    <subfield code="v">1.00</subfield>
    <subfield code="y">LIB</subfield>
  </datafield>
</record>
